|
|
|
|
| LEADER |
00790nam a2200181 i 4500 |
| 003 |
GR-PaULI |
| 005 |
20210908095654.0 |
| 008 |
210908s2000 gr ||||| |||| 00| 0 eng d |
| 952 |
|
|
|0 0
|1 0
|2 ddc
|4 0
|6 889_134000000000000_ΛΑΧ
|7 0
|9 328258
|a LISP
|b LISP
|c DON
|d 2021-09-08
|e ΓΑΛ
|i 143391
|l 0
|o 889.134 ΛΑΧ
|p 025000269575
|r 2021-09-08 00:00:00
|t 1
|v 2021.00
|w 2021-09-08
|y BKN
|
| 999 |
|
|
|c 183923
|d 183923
|
| 040 |
|
|
|a GR-PaULI
|b gre
|c GR-PaULI
|e AACR2
|
| 082 |
0 |
4 |
|2 23
|a 889.134
|
| 100 |
1 |
|
|9 101708
|a Λαχανάς, Μάκης,
|d 1924 - 2010
|e συγγραφέας.
|
| 245 |
1 |
0 |
|a E la nave va :
|b 12 ποιήματα 12 σχέδια /
|c Μάκη Λαχανά.
|
| 260 |
|
|
|a Κέρκυρα :
|b [x.'o],
|c 2000.
|
| 300 |
|
|
|a [περίπου] 20 σ.:
|b εικ.;
|c 17 εκ.
|
| 942 |
|
|
|2 ddc
|c BKN
|
| 998 |
|
|
|c ΣΑΤΛΑΝΗΣ
|d 2021-09
|